| 000 | 00676nam a22001937a 4500 | ||
|---|---|---|---|
| 010 | _aENG-143724 | ||
| 020 |
_a9788197759079 _c1495.00 |
||
| 035 | _aEN-127256 | ||
| 037 | _bDBAD | ||
| 082 | _a347.739 | ||
| 100 |
_aMarkanda , P.C. _977312 |
||
| 245 |
_aCommentary on The Mediation Act, 2023 / _cby P C Markanda , Naresh Markanda [and] Rajesh Markanda |
||
| 260 |
_aHaryana _bLexis Nexis _c2025 |
||
| 270 |
_a4th Floor, Building No.10, Tower-B, DLF Cyber City, Phase-II Gurgaon, _bHaryana _e 122002 |
||
| 300 |
_axl,642p.: _billus. _c24cm(Hb) |
||
| 700 |
_aMarkanda, Naresh _977313 |
||
| 700 |
_aMarkanda, Rajesh _977314 |
||
| 942 |
_2ddc _cEN _h347.739 _mMAR |
||
| 999 |
_c208914 _d208914 |
||